Superparamagnetic iron oxide nanoparticles : (Record no. 16356)

000 -LEADER
fixed length control field 01411cam a22003254a 4500
001 - CONTROL NUMBER
control field 16464454
005 - DATE AND TIME OF LATEST TRANSACTION
control field 20161109160553.0
008 - FIXED-LENGTH DATA ELEMENTS--GENERAL INFORMATION
fixed length control field 100917s2011 nyua b 001 0 eng
010 ## - LIBRARY OF CONGRESS CONTROL NUMBER
LC control number 2010036438
020 ## - INTERNATIONAL STANDARD BOOK NUMBER
International Standard Book Number 9781616689643 (hardcover)
020 ## - INTERNATIONAL STANDARD BOOK NUMBER
International Standard Book Number 1616689641 (hardcover)
035 ## - SYSTEM CONTROL NUMBER
System control number (OCoLC)ocn646123843
040 ## - CATALOGING SOURCE
Original cataloging agency DLC
Transcribing agency DLC
Modifying agency YDX
-- BTCTA
-- YDXCP
-- DLC
042 ## - AUTHENTICATION CODE
Authentication code pcc
050 00 - LIBRARY OF CONGRESS CALL NUMBER
Classification number R857.N34
Item number S87 2011
082 00 - DEWEY DECIMAL CLASSIFICATION NUMBER
Classification number 610.28/4
Edition number 22
245 00 - TITLE STATEMENT
Title Superparamagnetic iron oxide nanoparticles :
Remainder of title synthesis, surface engineering, cytotoxicity, and biomedical applications /
Statement of responsibility, etc. Morteza Mahmoudi ... [et al.].
260 ## - PUBLICATION, DISTRIBUTION, ETC. (IMPRINT)
Place of publication, distribution, etc. New York :
Name of publisher, distributor, etc. Nova Science Publishers,
Date of publication, distribution, etc. c2011.
300 ## - PHYSICAL DESCRIPTION
Extent xii, 225 p. :
Other physical details ill. ;
Dimensions 27 cm.
490 1# - SERIES STATEMENT
Series statement Nanotechnology science and technology
504 ## - BIBLIOGRAPHY, ETC. NOTE
Bibliography, etc Includes bibliographical references and index.
650 #0 - SUBJECT ADDED ENTRY--TOPICAL TERM
Topical term or geographic name as entry element Nanomedicine.
650 #0 - SUBJECT ADDED ENTRY--TOPICAL TERM
Topical term or geographic name as entry element Ferric oxide
General subdivision Magnetic properties.
650 #0 - SUBJECT ADDED ENTRY--TOPICAL TERM
Topical term or geographic name as entry element Nanoparticles.
700 1# - ADDED ENTRY--PERSONAL NAME
Personal name Mahmoudi, Morteza,
Dates associated with a name 1979-
830 #0 - SERIES ADDED ENTRY--UNIFORM TITLE
Uniform title Nanotechnology science and technology series.
906 ## - LOCAL DATA ELEMENT F, LDF (RLIN)
a 7
b cbc
c orignew
d 1
e ecip
f 20
g y-gencatlg
942 ## - ADDED ENTRY ELEMENTS (KOHA)
Source of classification or shelving scheme
Koha item type Hard Covered Materials
Classification part R857.N34 S87 2011
Holdings
Withdrawn status Lost status Source of classification or shelving scheme Damaged status Not for loan Home library Current library Shelving location Date acquired Source of acquisition Total Checkouts Full call number Barcode Date last seen Price effective from Koha item type
          MACHAKOS UNIVERSITY LIBRARY MACHAKOS UNIVERSITY LIBRARY Open shelf 09/11/2016 Donation (BFA)   R857.N34 S87 2011 21493 09/11/2016 09/11/2016 Hard Covered Materials
© Machakos University Library, Along The Highway, Machakos Wote Rd, Machakos, Kenya P.O. Box 136 - 90100 Machakos - Kenya

Tel: ( +254 ) 723 805829 OR Fax : 044-20353 OR Email: library@mksu.ac.ke